[Event "Open Olomouc 2005"]
[Site "?"]
[Date "2005.??.??"]
[Round "8.8"]
[White "KRAPIVIN, VLADISLAV."]
[Black "PARLIGRAS, COSMIN."]
[Result "1/2-1/2"]
[WhiteElo "2410"]
[BlackElo "2244"]
[PlyCount "66"]
[EventDate "2005.08.04"]

1. e4 c5 2. Nc3 Nc6 3. g3 g6 4. Bg2 Bg7 5. d3 d6 6. f4 e6 7. Nf3 Nge7 8. O-O
Bd7 9. Be3 Nd4 10. e5 Nef5 11. Bf2 Nxf3+ 12. Qxf3 Bc6 13. Ne4 dxe5 14. Bxc5
exf4 15. Qxf4 Bd4+ 16. Bxd4 Qxd4+ 17. Kh1 O-O-O 18. Rae1 Qxb2 19. Qf2 Qd4 20.
g4 Qxf2 21. Rxf2 Nd6 22. Nxd6+ Rxd6 23. Rxf7 Bxg2+ 24. Kxg2 Ra6 25. Rb1 Rxa2
26. Rbxb7 Rxc2+ 27. Kg3 Rd8 28. Rxa7 Rxd3+ 29. Kf4 Rf2+ 30. Kg5 Rxf7 31. Rxf7
Rh3 32. Re7 Rxh2 33. Rxe6 Kd7 1/2-1/2

[Event "Open Olomouc 2005"]
[Site "?"]
[Date "2005.??.??"]
[Round "8.9"]
[White "ISMAGAMBETOV, ANAUR."]
[Black "VOLODIN, VIKTOR."]
[Result "1-0"]
[WhiteElo "2408"]
[BlackElo "2245"]
[PlyCount "85"]
[EventDate "2005.08.04"]

1. e4 c5 2. Nf3 Nc6 3. d4 cxd4 4. Nxd4 Nf6 5. Nc3 e5 6. Ndb5 d6 7. Bg5 a6 8.
Na3 b5 9. Bxf6 gxf6 10. Nd5 Bg7 11. c3 f5 12. Bd3 Be6 13. Qh5 O-O 14. O-O f4
15. g4 Ne7 16. f3 Ng6 17. Rad1 Bxd5 18. exd5 b4 19. cxb4 Qb6+ 20. Kh1 Qxb4 21.
Nc4 e4 22. fxe4 Ne5 23. Nxe5 Bxe5 24. b3 a5 25. Rf3 Rfc8 26. Rh3 a4 27. Qxh7+
Kf8 28. Bc4 axb3 29. axb3 Ra2 30. Qh4 Qa3 31. Qh6+ Bg7 32. Qg5 Qb2 33. Bf1 Qc2
34. Rh7 Be5 35. Qh6+ Ke8 36. Bb5+ Kd8 37. Qf8+ Kc7 38. Qxf7+ Kb6 39. Qb7+ Ka5
40. b4+ Kxb4 41. Bd3+ Ka3 42. Bxc2 Rcxc2 43. Qa6+ 1-0